000 00949nam a2200241 i 4500
001 176246
003 ES-MaACL
005 20250822061909.0
008 101228s1956 sp |||| | spa d
080 _a821.134.2-97"15"
080 _a27-29
100 0 _aTeresa de Jesús,
_cSanta,
_d1515-1582
_9226510
245 1 0 _aCamino de perfección.
_nI
_b: reproducción fidelísima del autógrafo de El Escorial con las variantes del autógrafo vallisoletano, precedido de una introducción /
_cSanta Teresa de Jesús ; edición, introducción y notas de José María Aguado.
250 _a3ª ed.
260 _aMadrid :
_bEspasa-Calpe,
_c1956.
300 _aXL, 173 p. ;
_c20 cm.
490 1 _aClásicos castellanos ;
_v98
650 4 _aAscetismo.
_910365
700 1 _aAguado, José María.
_918607
830 0 0 _aClásicos castellanos (Espasa-Calpe)
_v98
_9183802
852 _aES-MaACL
_jE-13910
_xOlim P-94
999 _c176246
_d176246